| 000 | 00461nam a2200169Ia 4500 | ||
|---|---|---|---|
| 008 | 220216s9999 xx 000 0 und d | ||
| 100 | _aSinulingga W | ||
| 245 | 0 | _aPathogenicity of Corynespora cassiicola isolated from several Hevea rubber clones on GT 1 | |
| 260 |
_bBulletin Perkaretan _c1990 |
||
| 300 | _a8-Mar | ||
| 500 | _aSource Year: 1994 | ||
| 700 | _aAbbas L J | ||
| 700 | _aAlwi N | ||
| 700 | _aHutabarat T S M | ||
| 856 | _uRPP | ||
| 942 | _cJS | ||
| 999 |
_c64638 _d64638 |
||